L'antichità aggredita: memoria del passato e poesia del nazionalismo
Kaydedildi:
| Yazar: | |
|---|---|
| Materyal Türü: | Kitap |
| Dil: | İtalyanca |
| Baskı/Yayın Bilgisi: |
Roma
L'erma di Bretschneider
1989
|
| Edisyon: | 1a. ed |
| Seri Bilgileri: | L'eredità Dell'antico Passato e Presente, 1
|
| Konular: | |
| Etiketler: |
Etiketle
Etiket eklenmemiş, İlk siz ekleyin!
|
MARC
| LEADER | 00000cam a2200000 a 4500 | ||
|---|---|---|---|
| 001 | UCD9376 | ||
| 003 | CL-VaPUC | ||
| 008 | 170616e19890000it |||||||||||||||||ita|d | ||
| 020 | |a 8870626679 | ||
| 082 | 0 | 4 | |a 930.1 |b BRA |2 21 |
| 100 | 0 | |a Braccesi, Lorenzo |e author |9 593075 | |
| 245 | 1 | 0 | |a L'antichità aggredita: memoria del passato e poesia del nazionalismo |
| 250 | |a 1a. ed | ||
| 300 | |a 185 p | ||
| 942 | |c BK | ||
| 945 | |d 20170616 21:05:00 |a arojas | ||
| 260 | |a Roma |b L'erma di Bretschneider |c 1989 | ||
| 650 | 0 | |a Antigüedades |9 266390 | |
| 650 | 0 | |a Arqueología |9 265619 | |
| 650 | 7 | |a NACIONALISMO |2 CL-VaPUC |9 593076 | |
| 583 | |a last modification |c 20170616 21:05:00 |k Rodrigo Vera | ||
| 490 | 0 | |a L'eredità Dell'antico Passato e Presente, 1 | |
| 999 | |c 368586 |d 368584 | ||
| 952 | |0 0 |1 0 |3 erb |4 0 |6 930_100000000000000_BRA_1989 |7 0 |8 A |9 483944 |a FDOLAF |b FDOLAF |e Laffi, Umberto, 1939- |i 5397308 |o 930.1 BRA 1989 |p 5397308 |r 2024-01-30 |w 2019-11-24 |y BK |z Catalogado en:20170616 |k LAF | ||